| 000 | 00926nam a2200277 i 4500 | ||
|---|---|---|---|
| 003 | EG-GICUC | ||
| 005 | 20260514134340.0 | ||
| 008 | 260514s1903 fre |||fr|||| 000 0 fre d | ||
| 040 |
_aEG-GiCUC _bfre _cEG-GiCUC _dEG-GiCUC _eRda |
||
| 041 |
_afre _hfre |
||
| 082 | 0 | 4 |
_221 _a342.044 _bSO . E |
| 092 | 0 | 4 | _221 |
| 099 | _aLaw 08 342.044 SO . E 1903 | ||
| 100 | 1 |
_aSorel, Albert _eAuteur |
|
| 245 | 1 | 0 |
_aL'Europe Et La Révolution Française : _nSeptiéme Partie, _pLe Blocus Continental - Le Grand Empire 1806-1812 / _cPar Albert Sorel. |
| 264 |
_aParis: _bLibrairie Plon, _c1903. |
||
| 300 |
_a606 page ; _c24 cm. |
||
| 336 |
_2rda contenu _a texte |
||
| 337 |
_2rda medias _aOrdinateur |
||
| 338 |
_2 transporteur rda _a Ressource en ligne |
||
| 546 | _aTexte en français | ||
| 650 | 1 | _aDroit constitutionnel | |
| 856 | 4 | 0 | _uhttps://fll.law.cu.edu.eg/fulltext/bks/B08-07575.pdf |
| 905 | _a64 | ||
| 942 |
_2ddc _cBK _e21 _n0 |
||
| 999 |
_c76889 _d76889 |
||